00564pab a2200181 454500008004000000100001800040245010100058260000900159300001400168362000800182650003200190650001000222650002600232650004000258650002700298700002200325773003500347180718b2004 xxu||||| |||| 00| 0 eng d aHossain, M.A. aTrade liberalisation and technical efficiency: evidence from Bangladesh manufacturing industries c2004 ap.87-114. aFeb aLiberalization - Bangladesh aTrade aBangladesh - Commerce aManufacturing industry - Bangladesh aManufacturing industry aKarunaratne, N.D. aJournal of Development Studies